Most Subscribed YouTubers - Statistics

General Stats
  • This quiz has been taken 30 times
  • The average score is 6 of 18
Answer Stats
Subscibers YouTube Username Owner Name(s) Content % Correct
43 Million PewDiePie Felix Kjellberg Video Games
87%
16 Million nigahiga Ryan Higa Comedy
74%
12 Million Markiplier Mark Fischbach Video Games
65%
22 Million Smosh Ian Hecox/Anthony Padilla Sketch Comedy
65%
15 Million JennaMarbles Jenna Mourey Vlogs
48%
12 Million KSI Olajide "JJ" Olatunji Video Games
48%
15 Million TheEllenShow The Ellen DeGeneres Show Talk Show
43%
13 Million Fine Brothers Entertainment Benny Fine/Rafi Fine Entertainment
39%
27 Million HolaSoyGerman Germán Garmendia Vlogs
35%
12 Million Machinima Machinima Inc. Video Games Network
30%
13 Million Spinnin' Records Spinnin' Records Music
26%
16 Million VanossGaming Evan Fong Video Games
26%
13 Million ERB Peter Shukoff/Lloyd Ahlquist Music Comedy
13%
17 Million elrubiusOMG Rubén Doblas Gundersen Video Games
9%
12 Million JuegaGerman Germán Garmendia Video Games
9%
12 Million Skrillex Sonny John Moore Music
4%
13 Million VEGETTA777 Samuel De Luque Video Games
4%
14 Million Yuya Mariand Castrejon Beauty
0%
No matching quizzes found
Score Distribution
Percent of People with Each Score
Percentile by Number Answered
Your Score History
You have not taken this quiz